00414 a2200109 4500001001000000005001700010008004100027245010800068100003000176700002700206773007100233ART_4115820260410161952.0260409a 10aLa insuficiencia del patrimonio fideicomitido en el marco del Código Civil y Comercial de la Nación1 aPeretti, María Victoria1 aJunyent Bas, Francisco0 tTemas de derecho comercialg- Año 3, Nº 2 (feb. 2017)wREV28151